000 00458nam a2200181Ia 4500
005 20250423094520.0
008 250422s9999 xx 000 0 und d
020 _a9781032740584
050 _aTA 335 .A53/
100 _aAndrianov, I. V.
245 0 _aAsymptotic methods for engineers
260 _aBoca Raton
260 _bCRC Press
260 _c2024
300 _a244 p
650 _aEngineering mathematics. Asymptotic expansions.
942 _cBK
999 _c27467
_d27467